000 01728cam a22004814i 4500
003 PE-LiUPU
005 20250731173550.0
008 150616s1992 is r 000 0 eng d
020 _a9652235407
035 _a(Sirsi) i9789652235404
040 _aPE-LiUPU
_bspa
_cPE-LiUPU
_erda
049 _aPRUA
082 0 4 _a222.1207
_bC28
_221
100 1 _aCassuto, Umberto,
_eautor.
245 1 2 _aA Commentary on the Book of Genesis.
_n2 /
_cUmberto Cassuto.
264 1 _aJerusalem :
_bThe Magnes Press, The Hebrew University,
_c1992.
300 _a386 páginas ;
_c25 centímetros
336 _atext
_2rdacontent
337 _aunmediated
_2rdamedia
338 _avolume
_2rdacarrier
505 0 _aPart II: from Noah to Abraham -- The flood -- The sons of Noah -- The history of the sons of Shem -- A fragment of part III: Abraham and the promised land.
526 _aSEG42
526 _aSEG41
526 _aSEG40
526 _aSEG39
526 _aP94
526 _aP87
526 _aP86
526 _aP85
526 _aP77
526 _aP76
526 _aP35
600 1 _aAbraham (Patriarca bíblico).
600 1 _aNoé (Patriarca bíblico).
630 _aBiblia.
_pA.T.
_pGénesis 6, 9-11
_xComentarios.
910 _ajck
_bjvq
_cjck
942 _2ddc
_cBOOK
949 _a222.1207 C28 2
_wDEWEY
_c1
_i43073
_lCCODEBUL1
_mBUL
_r0
_sY
_tBOOK
_u2015-6-16
_xTEOLOGIA
_zUNKNOWN
_0COMPRA
_o.STAFF. Colección Teología
994 _aC0
_bPEPRU
596 _a1
999 _a222.1207 C28 2
_wDEWEY
_c61048
_i43073
_d61048
_f2021-11-9
_g5
_lCCODEBUL1
_mBUL
_p25.00
_q3
_r0
_sY
_tBOOK
_u2015-6-16
_xTEOLOGIA
_PP35
_0COMPRA
_o.STAFF. Colección Teología
980 _81
_gALBERTO SANCHEZ Responsable de Automatización